[Event "BCF-chT3 0809 (4NCL)"]
[Site "Hinckley Island"]
[Date "2008.12.06"]
[Round "3.6"]
[White "Varley, Ed G"]
[Black "Higgs, Anthony"]
[Result "0-1"]
[WhiteElo "1910"]
[BlackElo "1995"]
[PlyCount "112"]
[EventDate "2008.10.18"]
[EventType "team-swiss"]
[EventRounds "11"]
[EventCountry "ENG"]
[SourceTitle "EXT 2010"]
[Source "ChessBase"]
[SourceDate "2010.11.25"]
[SourceVersion "1"]
[SourceVersionDate "2010.11.25"]
[SourceQuality "1"]
[WhiteTeam "Bristol II"]
[BlackTeam "Guildford IV"]
[WhiteTeamCountry "ENG"]
[BlackTeamCountry "ENG"]

1. d4 d6 2. Nf3 Nf6 3. c4 c6 4. Nc3 Nbd7 5. Bg5 Qc7 6. e4 e5 7. d5 Be7 8. Bd3 h6 9. Bd2 Nf8 10. h3 Bd7 11. 0-0 g5 12. Nh2 Ng6 13. Re1 Nf4 14. Bf1 Qc8 15. Bxf4 gxf4 16. dxc6 bxc6 17. Nf3 Qc7 18. Rc1 Rg8 19. Kh2 Rb8 20. b3 Kf8 21. Bd3 Kg7 22. Qd2 Kh7 23. Na4 c5 24. Nc3 a6 25. Bb1 Rg7 26. Rg1 Rbg8 27. Nd5 Nxd5 28. exd5+ f5 29. Qe2 Bf6 30. Ne1 Bc8 31. f3 Bh4 32. Nd3 Qe7 33. a3 Bg3+ 34. Kh1 Kh8 35. Nb2 Qh4 36. Rc2 e4 37. b4 cxb4 38. axb4 Re7 39. c5 exf3 40. Qxf3 Re3 41. Qf1 Rge8 42. Nd3 f3 43. cxd6 f4 44. Rxc8 Rxc8 45. gxf3 Rc3 46. d7 Qe7 47. Nxf4 Bxf4 48. Qg2 Bg5 49. Be4 Qxd7 50. h4 Rxe4 51. Ra1 Rxh4+ 52. Kg1 Qxd5 53. Qe2 Qd4+ 54. Kg2 Re3 55. Qxa6 Qd2+ 56. Kg1 Re1+ 0-1

[Event "BCF-chT3 0809 (4NCL)"]
[Site "Hinckley Island"]
[Date "2008.10.19"]
[Round "2.5"]
[White "Michaud, Gerald"]
[Black "Varley, Ed G"]
[Result "0-1"]
[WhiteElo "2052"]
[BlackElo "1910"]
[PlyCount "50"]
[EventDate "2008.10.18"]
[EventType "team-swiss"]
[EventRounds "11"]
[EventCountry "ENG"]
[SourceTitle "EXT 2010"]
[Source "ChessBase"]
[SourceDate "2010.11.25"]
[SourceVersion "1"]
[SourceVersionDate "2010.11.25"]
[SourceQuality "1"]
[WhiteTeam "Sussex Smart Controls"]
[BlackTeam "Bristol II"]
[WhiteTeamCountry "ENG"]
[BlackTeamCountry "ENG"]

1. d4 d5 2. c4 c6 3. Nc3 Nf6 4. Bg5 Ne4 5. Bf4 Nxc3 6. bxc3 dxc4 7. Bxb8 Rxb8 8. Qa4 b5 9. Qxa7 Bd7 10. Qa3 e5 11. Qb2 exd4 12. Nf3 dxc3 13. Qxc3 Qe7 14. 0-0-0 Qa3+ 15. Qb2 Qxb2+ 16. Kxb2 g6 17. e4 Bg7+ 18. e5 Be6 19. Be2 0-0 20. Rhe1 Ra8 21. Bf1 b4 22. Nd4 c3+ 23. Kb1 Rxa2 24. Nxe6 Rb2+ 25. Kc1 fxe6 0-1